000 00765nam a2200253 i 4500
001 000038191
003 DO-SdBNP
005 20260119105743.0
007 ta
008 130321s19uu dr ac 000 0 spa d
040 _aDO-SdBNP
_bspa
_cBNPHP
_erda
041 _aspa
082 _axxx
_bR789f
_222
100 1 _aRosario, Esteban
_d1953-
_eautor
_99330
245 1 0 _aLa familia Bermudez :
_bfortuna y crisi /
_cEsteban Rosario.
264 _a[Ciudad no identificada] :
_bMariel,
_c[fecha no identificada]
300 _a137 páginas :
_bilustraciones, retratos. ;
_c23 cm.
336 _ardacontent
_btexto
_2txt
337 _ardamedia
_bsin mediación
_2n
338 _ardacarrier
_bvolumen
_2nc
590 _aInventariado 2026/DG
910 _aDG
942 _2ddc
_cLBS1
999 _c37681
_d37681